Statistics for Athletes who have Won the most Olympic Gold Medals

Click here to take the quiz!

General Stats

  • This quiz has been taken 36 times
  • The average score is 4 of 12

Answer Stats

RankNationSportGold MedalsAnswer% Correct
1United StatesSwimming23Michael Phelps
97%
4United StatesSwimming9Mark Spitz
62%
5United StatesAthletics9Carl Lewis
56%
6NorwayBiathlon8Ole Einar Bjørndalen
44%
3FinlandAthletics9Paavo Nurmi
44%
7NorwayCross-Country Skiing8Bjørn Dæhlie
24%
2Soviet UnionGymnastics9Larisa Latynina
15%
11United StatesSwimming8Matt Biondi
9%
8NorwayCanoeing8Birgit Fischer
6%
10United StatesSwimming8Jenny Thompson
3%
12United StatesAthletics8Ray Ewry
3%
9GermanyGymnastics8Sawao Kato
3%

Score Distribution

Percentile by Number Answered

Percent of People with Each Score

Your Score History

You have not taken this quiz